000 01445cab a2200193 4500
001 L131078
008 050926n2005 000 0 eng u
035 _a(Sirsi) u131078
041 0 _aeng
110 1 _aUnited Kingdom
_bOffice of the Deputy Prime Minister
245 _aLyons inquiry extended and council tax revaluation put on hold
260 _c2005
490 _aODPM News Release
_v(2005 /0193) 20 September 2005 (4)
520 _aGovernment has extended the Lyons inquiry into local government funding so that it can consider issues relating to the wider functions of local government and its future role. This will ensure that any proposals for the reform of the funding system can be set firmly within the context of a clear, shared understanding of the role of local government, and of local councils accountability to service users, residents and taxpayers. In light of this, the council tax revaluation scheduled for 2007 has been postponed so that revaluation can take full account of Sir Michael Lyons' further work. Government will legislate to provide new powers to set a future date for the revaluation.
590 _aIKA270905
690 _aPROPERTY-RESIDENTIAL PROPERTY-RESIDENTIAL PROPERTY TAXATION-COUNCIL TAX
856 4 0 _uhttps://webarchive.nationalarchives.gov.uk/+/http://www.communities.gov.uk/index.asp?id=1002882&PressNoticeID=1956
_zView the news release free of charge at www.communities.gov.uk
942 _n0
999 _c75937
_d75937